Minecraft Mobs: Copper Golem - Statistics

General Stats
  • This quiz has been taken 9 times
  • The average score is 7 of 10
Answer Stats
Question Answer % Correct
How many blocks are needed to spawn a copper golem? 2
100%
What block spawns along with the copper golem? Copper Chest
100%
What mob can give a copper golem a flower? Iron Golem
100%
How many chests can a copper golem remember checking? 10
88%
How many health points does a copper golem have? 12
88%
How do you remove the flower? Shear it
88%
What happens to an unwaxed copper golem after a long time? It turns into a statue
63%
What is a copper golem's width in blocks? 0.49
38%
What is a copper golem's height in blocks? 0.98
38%
How do you restore the copper golem? Scrape it
25%
No matching quizzes found
Score Distribution
Percent of People with Each Score
Percentile by Number Answered
Your Score History
You have not taken this quiz